Rethinking information literacy : (Record no. 156464)

MARC details
000 -LEADER
fixed length control field 01101cam a2200301 i 4500
001 - CONTROL NUMBER
control field vtls003258777
003 - CONTROL NUMBER IDENTIFIER
control field MY-SjTCS
005 - DATE AND TIME OF LATEST TRANSACTION
control field 20200226115938.0
008 - FIXED-LENGTH DATA ELEMENTS--GENERAL INFORMATION
fixed length control field 141122t20132013enka b 001 0 eng d
020 ## - INTERNATIONAL STANDARD BOOK NUMBER
International Standard Book Number 9781856048224 (paperback)
039 #9 - LEVEL OF BIBLIOGRAPHIC CONTROL AND CODING DETAIL [OBSOLETE]
Level of rules in bibliographic description 201809071358
Level of effort used to assign nonsubject heading access points VLOAD
Level of effort used to assign subject headings 201504201557
Level of effort used to assign classification pushpa
Level of effort used to assign subject headings 201504101146
Level of effort used to assign classification malathy
-- 201411221353
-- malathy
040 ## - CATALOGING SOURCE
Description conventions rda
082 ## - DEWEY DECIMAL CLASSIFICATION NUMBER
Classification number 028.70711
Item number RET 2013
245 00 - TITLE STATEMENT
Title Rethinking information literacy :
Remainder of title a practical framework for supporting learning /
Statement of responsibility, etc. edited by Jane Secker and Emma Coonan.
264 #1 - PRODUCTION, PUBLICATION, DISTRIBUTION, MANUFACTURE, AND COPYRIGHT NOTICE
Place of production, publication, distribution, manufacture London :
Name of producer, publisher, distributor, manufacturer Facet Publishing,
Date of production, publication, distribution, manufacture, or copyright notice 2013.
264 #4 - PRODUCTION, PUBLICATION, DISTRIBUTION, MANUFACTURE, AND COPYRIGHT NOTICE
Date of production, publication, distribution, manufacture, or copyright notice ©2013
300 ## - PHYSICAL DESCRIPTION
Extent xxx, 169 pages :
Other physical details illustrations ;
Dimensions 24 cm
336 ## - CONTENT TYPE
Content type term text
Source rdacontent
337 ## - MEDIA TYPE
Media type term unmediated
Source rdamedia
338 ## - CARRIER TYPE
Carrier type term volume
Source rdacarrier
504 ## - BIBLIOGRAPHY, ETC. NOTE
Bibliography, etc. note Includes bibliographical references and index.
650 #0 - SUBJECT ADDED ENTRY--TOPICAL TERM
Topical term or geographic name entry element Information literacy
General subdivision Study and teaching (Higher)
9 (RLIN) 28112
650 #0 - SUBJECT ADDED ENTRY--TOPICAL TERM
Topical term or geographic name entry element Information literacy
General subdivision Social aspects.
650 #0 - SUBJECT ADDED ENTRY--TOPICAL TERM
Topical term or geographic name entry element Libraries and colleges.
9 (RLIN) 29296
700 1# - ADDED ENTRY--PERSONAL NAME
Personal name Secker, Jane
9 (RLIN) 54566
700 1# - ADDED ENTRY--PERSONAL NAME
Personal name Coonan, Emma
9 (RLIN) 72069
920 ## - Programme
Programme EDU : 215041
Holdings
Withdrawn status Lost status Source of classification or shelving scheme Damaged status Not for loan Home library Current library Date acquired Total Checkouts Barcode Date last seen Date last checked out Copy number Uniform Resource Identifier Koha item type Public note
    Dewey Decimal Classification     Taylor's Library-TU Taylor's Library-TU 21/01/2015 3 5000155231 05/12/2019 27/09/2017 1 Floor 3, Shelf 2 , Side 1, TierNo 3, BayNo 5 Main Collection SOEDx,38000,03,CL